| 000 | 01239nam a2200277 i 4500 | ||
|---|---|---|---|
| 003 | IT-RoINE | ||
| 005 | 20180309093039.0 | ||
| 008 | 961115s1940 sp a r 001 | spa d | ||
| 040 |
_aUM _cIT-RoINE _dIT-RoINE |
||
| 100 | 1 |
_aHollanda, Francisco de, _d1517-1584 _945690 |
|
| 245 | 1 | 3 |
_aOs desenhos das antigualhas que vio Francisco D'Ollanda, pintor portuguès (1539-1540) / _cpublicalos, con notas de estudio y preliminares el prof. E. Tormo. |
| 250 | _aEd. facs. | ||
| 260 |
_aMadrid : _bMinisterio de Asuntos Exteriores, _c1940. |
||
| 300 |
_a55 p. de lám., 257 p., [8] p. de lám. ; _c35 cm. |
||
| 336 |
_2rdacontent _atext |
||
| 337 |
_2rdamedia _aunmediated |
||
| 338 |
_2rdacarrier _avolume |
||
| 500 | _aIncluye índices. | ||
| 500 | _aLas 54 h. son reproducción facsímil del Códice de Francisco de Holanda que se conserva en la Biblioteca del Monasterio de El Escorial en homenaje a Portugal con ocasión de sus Fiestas centenarias. | ||
| 504 | _aBibliografía : p. 33-34. | ||
| 600 | 1 | 4 |
_aHollanda, Francisco de, _d1517-1584 _945690 |
| 650 | 4 |
_941666 _aArte del Renacimiento _zItalia |
|
| 650 | 4 |
_aDibujo arquitectónico del Renacimiento _945691 |
|
| 700 | 1 |
_aTormo y Monzó, Elías, _d1869-1957 _919376 |
|
| 942 | _cMTS | ||
| 999 |
_c23146 _d23146 |
||